| 000 | 00667nam a2200217 a 4500 | ||
|---|---|---|---|
| 003 | MX-MxUPN | ||
| 005 | 20240806064041.0 | ||
| 008 | 991125s1909 gw r 000 0 eng d | ||
| 035 | _aUPN01000019634 | ||
| 040 |
_aMX-MxUPN _bspa _cMX-MxUPN |
||
| 041 | 0 | _aeng | |
| 050 | 1 | 4 |
_aPT41 _bV6.3 |
| 100 | 1 |
_aOblffelder, Carl von _952829 |
|
| 245 | 1 | 0 | _aEnglish vocabulary for the use of schools |
| 260 |
_aGermann : _bGalle a. T., _c1909. |
||
| 300 | _a54 páginas | ||
| 500 | _a"Englildes vokabularium zum gebraud an bôbacen lebrauf talten" | ||
| 650 | 4 |
_aAlemán _vDiccionarios _xInglés _92382 |
|
| 650 | 4 |
_aInglés _vDiccionarios _xAlemán _952828 |
|
| 942 |
_2lcc _cLIBRO |
||
| 999 |
_c19634 _d19634 |
||